1020 1452 1977 1825 1657 1083 1540 1588 1292 1885 1345 1460 1940 1861 1506 1320 1363 1935 1768 1025 1287 1705 1612 1942 1557 1497 1746 1147 1209 1358 1385 1243 1451 1087 1937 1643 1222 1051 1640 1739 1819 1098 1193 1249 1253 1118 1287 1386 1539 1957 1586 1701 1947 1643 1745 1784 1618 1128 1126 1214 1986 1018 1694 1010 1878 1709 1566 1272 1161 1099 1297 1469 1765 1727 1975 1271 1273 1232 1693 1200 1209 1033 1319 1289 1221 1386 1271 1434 1452 1928 1100 1387 1488 1341 1863 1752 1451 1849 1091 BCNSPRNW ULIB Ver.6.0+V

เปลี่ยนเป็นภาษาไทย

Change to English
 แสดงรายละเอียดบรรณานุกรม
  กลับหน้าหลัก

Brief Record : Get Marc (ISO 2709) : E-mail record : QR code < ปิดหน้าต่าง
LEADER : 00000nam 2200000uu 4500
001    13399110122
003     ULIB
008    110422s2552||||th 000 0 tha d
020    9789742357719
060 04 WJ301^bด764ส 2552
245 00 สรีรวิทยาของไต ความผิดปกติของอิเล็กโทรไลต์และของกรดด่าง =^bRenal physiology electrolytes and acid-base disorders /^cดุสิต จิรกุลสมโชค ... [และคนอื่นๆ]
246 31 Renal physiology electrolytes and acid-base disorders
250    พิมพ์ครั้งที่ 3
260    ขอนแก่น :^bภาควิชาสรีรวิทยา คณะแพทยศาสตร์มหาวิทยาลัยขอนแก่น,^d2552
300    416 หน้า :^bภาพประกอบ ;^c30 ซม.
650  7 ดุลกรดด่าง
650  7 ไต^xสรีรวิทยา
700 0  ดุสิต จิรกุลสมโชค
710 2  มหาวิทยาลัยขอนแก่น. ^bคณะแพทยศาสตร์. ^bภาควิชาสรีรวิทยา
945    ^p0^l0^i028799
945    ^p0^l0^i028798
945    ^p0^l0^i028800
995    ทศพร
999 ^a ใช้งานได้ทุกระบบ
รายการนี้ยังไม่มีแท็ก
คุณยังไม่ได้ล็อกอิน คุณสามารถมีกิจกรรมร่วมกับเว็บไซต์ได้ แต่ต้องล็อกอินก่อน ::
  ล็อกอิน

รายการสื่อสารสนเทศ

ลำดับที่ ประเภท เลขเรียก/บาร์โค้ด สถานที่ สถานะ
- ไม่พบข้อมูล -

รายการใกล้เคียง
    หัวเรื่อง [ดุลกรดด่าง]

BibComment


ยังไม่เคยถูกคอมเมนท์

คอมเมนท์ทรัพยากรรายการนี้
  คอมเมนท์: สรีรวิทยาของไต คว..


 Copyright 2026. Bcnsprnw @Library